00519nam a22001817a 450000500170000001000360001702000270005303500170008003500130009703500250011003700120013508200130014724500540016026000310021427000450024530000300029070000170032020230301122122.0 a1617EN ENG-116722 ENG-136262 a9788184846003c1280.00 aB-651979-984 aB-666214 aEN-100254 EN-119794 bPragati a172.0954 aEthical facets of governance /ced by Renu Kapila aNew DelhibRegal Pubc2016 aF-159, Rajouri GardenbNew Delhie110027 axvi,268p.b22cm(HB)cill. a Renu Kapila